000 01224nam0a22002651 4500
001 rc\2685989
005 20250623160802.0
035 _a(NLR Aleph) 006814302
090 _a6376488
_c6376488
100 _a20110915d1933 |||y0rusy50 ca
101 0 _arus
102 _aRU
105 _ay z |||||
200 1 _aСовременное состояние теории функций действительного переменного
_eДоклад, сделанный на I Всерос. съезде математиков в Москве 29 апр. 1927 г., доп. автором для настоящего изд.
_fАкад. Н. Н. Лузин
210 _aМосква
_aЛенинград
_cГос. техн.-теоретич. изд-во
_d1933
_eЛенинград
_gтип. им. Бухарина
215 _aОбл., 59 с.
_cграф.
_d20х13 см.
225 1 _aСовременная математика
_vКн. 4
320 _aБиблиогр.: "Литература" (с. 54-58)
700 1 _aЛузин
_bН.Н.
_f1883-1950
_gНиколай Николаевич
801 0 _aRU
_bNLR
_gpsbo
801 1 _aRU
_bELAR
_2rusmarc
852 _aNLR
_j33-9/4724
942 _cBOOK
980 _aNB